Engineering mathematics: programs and problems / (Record no. 1547)

000 -LEADER
fixed length control field 00440nam a22001577a 4500
008 - FIXED-LENGTH DATA ELEMENTS--GENERAL INFORMATION
fixed length control field 200127b ||||| |||| 00| 0 eng d
020 ## - INTERNATIONAL STANDARD BOOK NUMBER
International Standard Book Number 0-333-62022-4
082 00 - DEWEY DECIMAL CLASSIFICATION NUMBER
Classification number 510.2462
Item number S9252
100 ## - MAIN ENTRY--PERSONAL NAME
9 (RLIN) 1183
Personal name Stroud, K. A.
245 10 - TITLE STATEMENT
Title Engineering mathematics: programs and problems /
250 ## - EDITION STATEMENT
Edition statement 4th ed.
260 ## - PUBLICATION, DISTRIBUTION, ETC. (IMPRINT)
Place of publication, distribution, etc London
Name of publisher, distributor, etc McMillan
Date of publication, distribution, etc c1995.
300 ## - PHYSICAL DESCRIPTION
Extent xxii, 1032 p.
650 #0 - SUBJECT ADDED ENTRY--TOPICAL TERM
Topical term or geographic name as entry element Engineering Mathematics
942 ## - ADDED ENTRY ELEMENTS (KOHA)
Item type Books
Holdings
Withdrawn status Lost status Source of classification or shelving scheme Damaged status Not for loan Permanent location Current location Date acquired Source of acquisition Total Checkouts Full call number Barcode Date last seen Date last borrowed Cost, replacement price Koha item type
          IMU Kolkata IMU Kolkata 1998-02-20 Jyoti, the Book People 1 510.2462 S9252 08882 2022-12-21 2022-10-06 1014.00 Books
          IMU Kolkata IMU Kolkata 1998-02-20 Jyoti, the Book People   510.2462 S9252 08883 2020-01-27   1014.00 Books
Designed and Maintained by IMU-KC Library, Kolkata Campus © Copyright All Rights Reserved

webs counters

Powered by Koha